000 00424nam a2200169 a 4500
001 0000-8822
003 ELIB.Books
008 110520 1976
035 _a(ELIB.Books)0000-8968
082 _aB
_bBjo
100 _aBjorn, Thyra Ferre!
245 _aThis is my life
260 _bNew Jersey: Fleming H. Revell Company
_c1976
650 _aBiography
942 _2ddc
_cBK
998 _cbat
_e2011-05-20
999 _c8822
_d8822